000
00290nam a2200097Ia 4500
001
647626
005
20250826153706.0
008
250824s9999 xx 000 0 und d
245
0
_a
İKİ ŞEHRİN HİKAYESİ ANTİK DÜNYA KLASİKLERİ
_c
CHARLES DİCKENS
260
_b
ANTİK DÜNYA KLASİKLERİ
999
_c
647626
_d
647626